How did Jesus want the Eucharist?: looking back to find a way forward

"This book investigates scripture and history to show that the role of women, ministry, and ecumenism in the Eucharist must be rethought"--

Saved in:  
Bibliographic Details
Main Author: Wucherpfennig, Ansgar 1965- (Author)
Format: Print Book
Language:English
Subito Delivery Service: Order now.
Check availability: HBZ Gateway
Book acquisition:
Drawer...
Interlibrary Loan:Interlibrary Loan for the Fachinformationsdienste (Specialized Information Services in Germany)
Published: New York Paulist Press 2024
In:Year: 2024
Standardized Subjects / Keyword chains:B Jesus Christus / Institution account / Teaching on the Eucharist
B Eucharist / Primitive Christianity / Theology
Further subjects:B Lord's Supper Biblical teaching
B Lord's Supper
Online Access: Table of Contents

MARC

LEADER 00000cam a22000002c 4500
001 1885989717
003 DE-627
005 20251226215027.0
007 tu
008 240416s2024 xxu||||| 00| ||eng c
010 |a  2023057117 
020 |a 9780809156825  |c paperback  |9 978-0-8091-5682-5 
035 |a (DE-627)1885989717 
035 |a (DE-599)KXP1885989717 
040 |a DE-627  |b ger  |c DE-627  |e rda 
041 |a eng  |h ger 
044 |c XD-US 
050 0 |a BV825.3 
082 0 |a 234/.163  |q DLC  |2 23/eng/20240412 
082 0 |a 234.163  |q DE-101  |2 23/ger 
082 0 4 |a 230  |a 220  |q DE-101 
100 1 |8 1\p  |e VerfasserIn  |0 (DE-588)123640822  |0 (DE-627)082678723  |0 (DE-576)29380298X  |4 aut  |a Wucherpfennig, Ansgar  |d 1965- 
109 |a Wucherpfennig, Ansgar 1965- 
192 |a 1 
240 1 0 |a Wie hat Jesus Eucharistie gewollt? 
245 1 0 |a How did Jesus want the Eucharist?  |b looking back to find a way forward  |c Ansgar Wucherpfennig ; translated by Patrick Conlin 
264 1 |a New York  |b Paulist Press  |c 2024 
300 |a xix, 82 pages  |c 21 cm 
336 |a Text  |b txt  |2 rdacontent 
337 |a ohne Hilfsmittel zu benutzen  |b n  |2 rdamedia 
338 |a Band  |b nc  |2 rdacarrier 
500 |a Includes bibliographical references 
520 |a "This book investigates scripture and history to show that the role of women, ministry, and ecumenism in the Eucharist must be rethought"-- 
601 |a Eucharistie 
650 0 |a Lord's Supper  |2 DLC 
650 0 |a Lord's Supper  |x Biblical teaching  |2 DLC 
689 0 0 |d p  |0 (DE-588)118557513  |0 (DE-627)079354688  |0 (DE-576)208978216  |2 gnd  |a Jesus Christus 
689 0 1 |d u  |0 (DE-588)4269654-9  |0 (DE-627)104159847  |0 (DE-576)21066715X  |a Einsetzungsbericht  |2 gnd 
689 0 2 |d s  |0 (DE-588)4113478-3  |0 (DE-627)104476087  |0 (DE-576)20947680X  |2 gnd  |a Eucharistielehre 
689 0 |5 DE-101 
689 1 0 |d s  |0 (DE-588)4015644-8  |0 (DE-627)104552514  |0 (DE-576)208912797  |2 gnd  |a Eucharistie 
689 1 1 |d s  |0 (DE-588)4062115-7  |0 (DE-627)10445198X  |0 (DE-576)209142537  |2 gnd  |a Urchristentum 
689 1 2 |d s  |0 (DE-588)4059758-1  |0 (DE-627)104131446  |0 (DE-576)209132159  |2 gnd  |a Theologie 
689 1 |5 DE-101 
776 1 |z 9780809188468  |c ebook 
776 0 8 |i Erscheint auch als  |n Online-Ausgabe  |a Wucherpfennig, Ansgar, 1965-  |t How did Jesus want the Eucharist?  |d New York : Paulist Press, [2024]  |z 9780809188468  |w (DLC)2023057118 
856 4 2 |u http://www.gbv.de/dms/bowker/toc/9780809156825.pdf  |m DE-601  |q pdf/application  |v 2025-10-10  |x Aggregator  |3 Inhaltsverzeichnis  |7 1 
883 |8 1\p  |a cgwrk  |d 20251101  |q DE-101  |u https://d-nb.info/provenance/plan#cgwrk 
935 |a mteo 
951 |a BO 
BIR |a 01026026_01026029,02014022_02014025,03022015_03022020,07011023_07011025  |b biblesearch 
ELC |b 1 
LOK |0 000 xxxxxcx a22 zn 4500 
LOK |0 001 4794803508 
LOK |0 003 DE-627 
LOK |0 004 1885989717 
LOK |0 005 20251030231308 
LOK |0 008 251030||||||||||||||||ger||||||| 
LOK |0 040   |a DE-Tue135  |c DE-627  |d DE-Tue135 
LOK |0 092   |o n 
LOK |0 852   |a DE-Tue135 
LOK |0 852 1  |9 00 
LOK |0 935   |a ixbt 
LOK |0 939   |a 24-10-25  |b l01 
ORI |a SA-MARC-ixtheoa001.raw 
STA 0 0 |a Eucharist,Eucharist,Lord's Supper,Lord's Supper,Lord's Supper (motif),Lord's Supper,Institution account,Lord's Supper account,Last Supper account,Primitive Christianity,Early Christianity,Early Church,Urchristentum,Urgemeinde,Teaching on the Eucharist,Eucharist,Theology,Theology 
STB 0 0 |a Doctrine de l'Eucharistie,Eucharistie,Eucharistie,Paléochristianisme,Christianisme des origines,Christianisme des origines,Théologie,Théologie 
STC 0 0 |a Cristianismo de las orígenes,Doctrina eucarística,Eucaristía,Eucaristía,Teología,Teología 
STD 0 0 |a Cristianesimo delle origini,Protocristianesimo,Protocristianesimo,Dottrina eucaristica,Eucaristia,Eucaristia,Teologia,Teologia 
STE 0 0 |a 原始基督教,早期基督教,神学家 
STF 0 0 |a 原始基督教,早期基督教,神學家,聖餐禮 
STG 0 0 |a Cristianismo das origens,Doutrina eucarística,Eucaristia,Eucaristia,Teologia,Teologia 
STH 0 0 |a Богословие (мотив),Богословие,Евхаристия (мотив),Евхаристия,Раннее христианство,Учение о евхаристии 
STI 0 0 |a Ευχαριστιακή διδασκαλία,Θεία Ευχαριστία <μοτίβο>,Θεία Ευχαριστία,Αγία Κοινωνία,Θεία Κοινωνία,Αγία Κοινωνία (μοτίβο),Θεία Κοινωνία (μοτίβο),Θεολογία (μοτίβο),Θεολογία,Πρώιμος Χριστιανισμός,Πρωτοχριστιανισμός 
SYG 0 0 |a Yeshuʿa,Yeshua,Iesus Nazarenus Rex Iudaeorum,Iesu Keriso,Jẽzaus Kristaus,Jésus-Christ,Iēsus,ho Nazōraios,Gesù Cristo,Ješūʿa,Isus Hristos,Jisous Khristos,Jesú Krist,Iĩsa Chrtá,Jezus Chrystus,Jezus,Jeschua,Jesus,of Nazareth,Iesu Kristo,Chesus Christ,Jhesus Christus,Jésus,le Christ,Jesus,Nazarenus,Jésus,de Nazareth,Jesucristo,Jesus Christ,Jesuo Kristo,Jesusse Kristusse,Jesuse Kristuse,Jesuksen Kristuksen,Jesu Kristo,Jesus Kristus,Yasūʿ,Yeshu,Hisows K'ristos,Ieso K'riste,Iēsus Christos,Iisus Christos,ʿĪsā Ibn-Maryam,Christus,Jesus,von Nazareth,Jesus,von Nazaret,Cristo,Jesus,Ye su,Yesu,Ye, Su , Ješiša Krista,Gesù , Abendmahlsbericht,Bibel,Matthäusevangelium,26,26-29,Bibel,Markusevangelium,14,22-25,Bibel,Lukasevangelium,22,15-20,Bibel,Korintherbrief,1.,11,23-25 , Altarssakrament,Altarsakrament , Kirchengeschichte 30-100,Urgemeinde,Urkirche , Christliche Theologie 
TIM |a 100000300101_100001001231  |b Kirchengeschichte 30-100